Get the Picture: Lovecraft or Poe Quiz Stats

 Plays Quiz Updated Mar 7, 2019

Score 0/16 Timer 04:00
2 Plays Today
Question Answer Wrong Answers
The Tell-Tale Heart Poe
90.4%
Lovecraft
6.5%
The Pit and the Pendulum Poe
89.3%
Lovecraft
7.7%
The Colour Out of Space Lovecraft
88.6%
Poe
8.1%
The Call of Cthulhu Lovecraft
86.3%
Poe
10.6%
The Fall of the House of Usher Poe
86%
Lovecraft
10.6%
The Murders in the Rue Morgue Poe
84.2%
Lovecraft
12.3%
The Masque of the Red Death Poe
83.9%
Lovecraft
13.1%
At the Mountains of Madness Lovecraft
81.2%
Poe
15.6%
The Shadow Over Innsmouth Lovecraft
78.4%
Poe
18.6%
The Cask of Amontillado Poe
77.4%
Lovecraft
19.5%
The Black Cat Poe
76.3%
Lovecraft
20.4%
The Dreams in the Witch House Lovecraft
72.9%
Poe
23.9%
The Whisperer in Darkness Lovecraft
72.2%
Poe
24.6%
The Case of Charles Dexter Ward Lovecraft
71.1%
Poe
25.7%
The Rats in the Walls Lovecraft
64.1%
Poe
32.6%
Berenice Poe
48.8%
Lovecraft
48.1%

Today's Daily Dose

Word Ladder
Lean on Me

Get the Picture
Superhero by Villain

You're not logged in!

Compare scores with friends on all Sporcle quizzes.
OR
Log In

Sporcle TV

Today on Sporcle TV


Watch our educational content, quiz creation guides, and fun videos on Sporcle TV.

Show Comments

Extras

Top Quizzes Today


Score Distribution

Your Account Isn't Verified!

In order to create a playlist on Sporcle, you need to verify the email address you used during registration. Go to your Sporcle Settings to finish the process.

Report this User

Report this user for behavior that violates our Community Guidelines.

Details: